| 000 | 00992nam0a2200289 4500 | ||
|---|---|---|---|
| 001 | RU\NLR\bibl\475129 | ||
| 005 | 20260607070906.0 | ||
| 010 |
_a5-17-015418-6 _bАСТ |
||
| 010 |
_a5-271-04901-9 _bАстрель _910000 |
||
| 021 |
_aRU _b2003-57186 _92795 |
||
| 035 | _a(NLR Aleph) 000468164 | ||
| 090 |
_a976597 _c976597 |
||
| 100 | _a20031223d2003 |||y0rusy50 ca | ||
| 101 | 0 | _arus | |
| 102 | _aRU | ||
| 105 | _aa ||||||||| | ||
| 200 | 1 |
_a38 попугаев _eСказки _e[Для мл. шк. возраста ] _fГ. Остер _gХудож. Е. Запесочная |
|
| 210 |
_aМ. _cПланета детства и др. _d2003 |
||
| 215 |
_a129,[6] с. _cцв. ил. _d29 |
||
| 686 | _aШ9(2)60=Р7-2 | ||
| 700 | 1 |
_4070 _7ca _8rus _aОстер _bГ. Б. _f1947 - _gГригорий Бенционович _9110610 _3RU\NLR\auth\77563 |
|
| 801 | 0 |
_aRU _bNLR _c20031223 _gPSBO |
|
| 801 | 1 |
_aRU _bNLR _c20031223 |
|
| 942 | _cBOOK | ||
| 980 | _aNB | ||